000 00652nam a22002172 4500
001 0000023975
005 20151217152253.0
008 130423s xx 000 0 eng d
020 _a34005106x :
040 _aKABU
_cKABU
100 1 _aAston, J. N.
_@0000183823
245 1 2 _aA Short textbook of orthopaedics and traumatology /
_cJ. N. Aston.
250 _a1st ed.
260 _aLondon :
_bEnglish University Press,
_c1967.
300 _avii, 307 p.
650 0 _aWounds and injuries.
_@0000183824
650 0 _aOrthopedics.
_@0000178340
852 1 _9p400 KES
908 _a130423
950 _@1
999 _c10094
_d10094